[Event "23.Schlosspark-Open"]
[Site "Wiesbaden"]
[Date "2011.08.28"]
[Round "6.1"]
[White "Geske, Julian"]
[Black "Luther, Thomas"]
[Result "1/2-1/2"]
[WhiteElo "2337"]
[BlackElo "2515"]
[PlyCount "31"]
[EventDate "2011.??.??"]
[WhiteTeam "Wiesbadener SV 1885"]
[BlackTeam "SV Empor Erfurt"]

1. e4 e6 2. d4 d5 3. Nd2 c5 4. Ngf3 cxd4 5. exd5 Qxd5 6. Bc4 Qd7 7. O-O Nc6 8.
Nb3 Nf6 9. Nbxd4 Bc5 10. Nxc6 Qxc6 11. Ne5 Qb6 12. Bg5 O-O 13. Bxf6 gxf6 14.
Qh5 fxe5 15. Qg5+ Kh8 16. Qf6+ 1/2-1/2

[Event "23.Schlosspark-Open"]
[Site "Wiesbaden"]
[Date "2011.08.28"]
[Round "6.2"]
[White "Poetsch, Hagen"]
[Black "Boidman, Yuri"]
[Result "1-0"]
[WhiteElo "2403"]
[BlackElo "2444"]
[PlyCount "23"]
[EventDate "2011.??.??"]
[WhiteTeam "Wiesbadener SV 1885"]
[BlackTeam "SC Heimbach-Weis/N."]

1. e4 c5 2. Nf3 Nc6 3. d4 cxd4 4. Nxd4 Nf6 5. Nc3 d6 6. Bg5 e6 7. Qd2 a6 8.
O-O-O Nxd4 9. Qxd4 b5 10. e5 b4 11. Ne4 Qa5 12. exf6 1-0

[Event "23.Schlosspark-Open"]
[Site "Wiesbaden"]
[Date "2011.08.28"]
[Round "6.3"]
[White "Stockmann, Michael"]
[Black "Dausch, Rene"]
[Result "1-0"]
[WhiteElo "2269"]
[BlackElo "2375"]
[PlyCount "45"]
[EventDate "2011.??.??"]
[WhiteTeam "Sfr. Schöneck"]
[BlackTeam "SC Böblingen 1975 e.V."]

1. d4 Nf6 2. c4 e5 3. dxe5 Ng4 4. Nf3 Bc5 5. e3 Nc6 6. a3 a5 7. b3 O-O 8. Bb2
Re8 9. Bd3 Ra6 10. Qc2 Ncxe5 11. Bxh7+ Kh8 12. Bf5 Nxf3+ 13. gxf3 Nxe3 14. fxe3
Rxe3+ 15. Kd1 Rd6+ 16. Nd2 Qg5 17. Bg4 Red3 18. Bc3 f5 19. Re1 Be3 20. Bxf5
Qxf5 21. Rxe3 b6 22. Rxd3 Rxd3 23. Kc1 1-0

[Event "23.Schlosspark-Open"]
[Site "Wiesbaden"]
[Date "2011.08.28"]
[Round "6.5"]
[White "Donchenko, Anatoly"]
[Black "Nabavi, Parwis"]
[Result "1-0"]
[WhiteElo "2383"]
[BlackElo "2202"]
[PlyCount "107"]
[EventDate "2011.??.??"]
[WhiteTeam "SK 1858 Gießen"]
[BlackTeam "SGEM Dreisamtal"]

1. c4 e6 2. Nf3 d5 3. g3 Nf6 4. Bg2 Be7 5. d4 O-O 6. O-O dxc4 7. Ne5 c5 8. dxc5
Nbd7 9. Nxc4 Nxc5 10. Nc3 Qxd1 11. Rxd1 a5 12. Bf4 Ra6 13. b3 Bd7 14. Ne5 Rd8
15. Nxd7 Rxd7 16. Rxd7 Nfxd7 17. Rd1 e5 18. Be3 Bd6 19. Nb5 Bf8 20. Bh3 Nf6 21.
Rd8 Ne6 22. Rb8 a4 23. Bxe6 fxe6 24. Rxb7 axb3 25. axb3 Nd5 26. Ba7 Ra2 27. e4
Nb4 28. Nc7 Nc6 29. Be3 Nd8 30. Rb8 Ra1+ 31. Kg2 Rd1 32. b4 Nc6 33. Rc8 Rd8 34.
Rxd8 Nxd8 35. b5 Bd6 36. Na6 Kf7 37. Kf1 Ke8 38. Ke2 Kd7 39. Kd3 Kc8 40. Kc4
Nb7 41. Bd2 Bc7 42. f3 g6 43. Nc5 Nd6+ 44. Kb4 Bb6 45. Nxe6 Bg1 46. h3 Bf2 47.
g4 Kb7 48. Nc5+ Kc7 49. Bc3 Nf7 50. Nd3 Bg3 51. Bd2 Bh4 52. Kc5 Kb7 53. Kd5 Kb6
54. Nxe5 1-0

[Event "23.Schlosspark-Open"]
[Site "Wiesbaden"]
[Date "2011.08.28"]
[Round "6.6"]
[White "Vogel, Christian"]
[Black "Nagel, Bernhard"]
[Result "1/2-1/2"]
[WhiteElo "2184"]
[BlackElo "2277"]
[PlyCount "89"]
[EventDate "2011.??.??"]
[WhiteTeam "SV Saarbrücken 1970"]
[BlackTeam "Wiesbadener SV 1885"]

1. c4 e5 2. g3 Nf6 3. Bg2 Nc6 4. Nc3 Bb4 5. Nf3 O-O 6. O-O Re8 7. Nd5 Bf8 8. d3
h6 9. Bd2 d6 10. Bc3 Nxd5 11. cxd5 Ne7 12. Nd2 c6 13. dxc6 Nxc6 14. b4 Qe7 15.
e3 Bf5 16. Nb3 Rac8 17. e4 Be6 18. b5 Nb8 19. Qd2 Nd7 20. Rfb1 Rc7 21. Na5 Rec8
22. Rc1 Qd8 23. Bb4 Nb6 24. Nb3 Qd7 25. Rxc7 Rxc7 26. Rb1 Qxb5 27. Bf1 Qd7 28.
Na5 Qc8 29. Rb2 Na4 30. Rb1 Rc2 31. Qd1 Bxa2 32. Ra1 b6 33. Nc4 Bb3 34. Nd2 Nc3
35. Bxc3 Qxc3 36. Nxb3 Qxb3 37. Rxa7 Rb2 38. Qf3 Ra2 39. Rb7 Ra1 40. Kg2 b5 41.
Be2 Ra8 42. Bd1 Qe6 43. Rxb5 Ra7 44. Bb3 Qd7 45. Bc4 1/2-1/2

[Event "23.Schlosspark-Open"]
[Site "Wiesbaden"]
[Date "2011.08.28"]
[Round "6.8"]
[White "Malek, Daniel"]
[Black "Tufa, Mihai"]
[Result "1-0"]
[WhiteElo "2341"]
[BlackElo "2003"]
[PlyCount "85"]
[EventDate "2011.??.??"]
[WhiteTeam "SV Oberursel"]
[BlackTeam "Club Sah Diana Galati"]

1. c4 e5 2. Nc3 Nf6 3. Nf3 Nc6 4. g3 d5 5. cxd5 Nxd5 6. Bg2 Nxc3 7. bxc3 Bd6 8.
O-O O-O 9. d4 h6 10. Rb1 Rb8 11. e4 Qf6 12. Be3 a6 13. d5 Na5 14. Qa4 b6 15. c4
Nb7 16. Ne1 Nc5 17. Qc2 Qg6 18. Nd3 Bd7 19. Bxc5 bxc5 20. Qc3 Rbe8 21. Qa5 f5
22. Nxc5 Bxc5 23. Qxc5 f4 24. Qxc7 Rf7 25. Rb8 Bc8 26. Qc5 Rff8 27. Qa3 Kh7 28.
c5 f3 29. Bxf3 Bg4 30. Bxg4 Rxb8 31. Bf5 Rxf5 32. exf5 Qxf5 33. c6 Rb1 34. c7
Rxf1+ 35. Kxf1 Qb1+ 36. Kg2 Qc2 37. d6 e4 38. Qe3 g5 39. d7 Qxc7 40. Qxe4+ Kg7
41. Qe7+ Kg6 42. Qe8+ Kf5 43. d8=Q 1-0

[Event "23.Schlosspark-Open"]
[Site "Wiesbaden"]
[Date "2011.08.28"]
[Round "6.9"]
[White "Gottschalk, Jens"]
[Black "Cofman, Veaceslav"]
[Result "1-0"]
[WhiteElo "2268"]
[BlackElo "1990"]
[PlyCount "61"]
[EventDate "2011.??.??"]
[WhiteTeam "Wiesbadener SV 1885"]
[BlackTeam "Karlsruher SF 1853"]

1. d4 Nf6 2. c4 g6 3. Nc3 Bg7 4. g3 d5 5. Bg2 c6 6. cxd5 Nxd5 7. Nf3 O-O 8. O-O
Bg4 9. Nxd5 cxd5 10. Ne5 Bxe5 11. dxe5 Nc6 12. Bh6 Re8 13. Bxd5 e6 14. Bxc6
bxc6 15. Qxd8 Rexd8 16. f3 Bh3 17. Rfd1 f5 18. exf6 Kf7 19. g4 Kxf6 20. Kf2 g5
21. Kg3 Bf1 22. Rxf1 Rd2 23. h4 gxh4+ 24. Kxh4 Rxe2 25. Kg3 Rxb2 26. Rfb1 Rab8
27. Rxb2 Rxb2 28. Be3 Rb7 29. Rc1 Rc7 30. Rc5 e5 31. Rxe5 1-0

[Event "23.Schlosspark-Open"]
[Site "Wiesbaden"]
[Date "2011.08.28"]
[Round "6.10"]
[White "Kiese, Matthias"]
[Black "Minz, Michail"]
[Result "1-0"]
[WhiteElo "2258"]
[BlackElo "2107"]
[PlyCount "53"]
[EventDate "2011.??.??"]
[WhiteTeam "Bochumer SV 02"]
[BlackTeam "SK Gau-Algesheim"]

1. d4 d5 2. c4 c6 3. Nf3 Nf6 4. Nc3 g6 5. cxd5 Nxd5 6. e4 Nxc3 7. bxc3 Bg7 8.
Be2 O-O 9. O-O c5 10. Be3 cxd4 11. cxd4 b6 12. Rc1 Bb7 13. d5 Qd7 14. Qb3 Ba6
15. Rfe1 Bxe2 16. Rxe2 Rc8 17. Rxc8+ Qxc8 18. Rc2 Qb7 19. a4 Na6 20. Qc4 Rd8
21. h4 h6 22. Nd4 Bxd4 23. Qxd4 Kh7 24. Qe5 f6 25. Qf4 g5 26. Qf5+ Kh8 27. Qg6
1-0

[Event "23.Schlosspark-Open"]
[Site "Wiesbaden"]
[Date "2011.08.28"]
[Round "6.11"]
[White "Freundlieb, Thomas"]
[Black "Repplinger, Marc"]
[Result "1/2-1/2"]
[WhiteElo "2095"]
[BlackElo "2249"]
[PlyCount "38"]
[EventDate "2011.??.??"]
[WhiteTeam "SV Bergneustadt/Dersch"]
[BlackTeam "SV Koblenz 03/25"]

1. d4 e6 2. Nf3 f5 3. d5 Nf6 4. dxe6 dxe6 5. Qxd8+ Kxd8 6. Bg5 Bd6 7. Nc3 h6 8.
Bxf6+ gxf6 9. O-O-O Ke7 10. Nb5 Bd7 11. Nxd6 cxd6 12. g3 Bc6 13. Bg2 Nd7 14.
Nh4 Rhc8 15. Bxc6 Rxc6 16. Ng6+ Kf7 17. Nf4 Rac8 18. c3 b5 19. Kb1 Ne5 1/2-1/2

[Event "23.Schlosspark-Open"]
[Site "Wiesbaden"]
[Date "2011.08.28"]
[Round "6.12"]
[White "Glinzer, Christoph"]
[Black "Kayser, Felix"]
[Result "0-1"]
[WhiteElo "2058"]
[BlackElo "2190"]
[PlyCount "68"]
[EventDate "2011.??.??"]
[WhiteTeam "SC Alzenau"]
[BlackTeam "Wiesbadener SV 1885"]

1. e4 c5 2. Nc3 g6 3. f4 Bg7 4. Nf3 Nc6 5. Bb5 Nd4 6. Bc4 e6 7. O-O Ne7 8. d3
d5 9. Bb3 b5 10. e5 Nef5 11. Nxd4 Nxd4 12. Be3 Nxb3 13. axb3 d4 14. Nxb5 dxe3
15. Qf3 Rb8 16. Nd6+ Kf8 17. Rxa7 Bd7 18. Qxe3 Kg8 19. Qxc5 Bf8 20. Qc7 Be8 21.
Rfa1 Kg7 22. d4 h6 23. Nxf7 Qxd4+ 24. Kh1 Rc8 25. Qxc8 Bxf7 26. Qxe6 Qxf4 27.
Qd5 Qf5 28. Qc4 Kg8 29. Rxf7 Qxf7 30. e6 Qe7 31. Rd1 Bg7 32. b4 Kh7 33. Rd7 Rd8
34. Qd3 Qxe6 0-1

[Event "23.Schlosspark-Open"]
[Site "Wiesbaden"]
[Date "2011.08.28"]
[Round "6.13"]
[White "Schwarz, Eduard"]
[Black "Tischendorf, Michael"]
[Result "0-1"]
[WhiteElo "2088"]
[BlackElo "2186"]
[PlyCount "46"]
[EventDate "2011.??.??"]
[WhiteTeam "SG Turm Idstein"]
[BlackTeam "SV 1920 Hofheim"]

1. d4 f5 2. g3 Nf6 3. Nh3 d6 4. Bg2 g6 5. d5 c6 6. c4 e5 7. dxe6 Bxe6 8. Qc2
Bg7 9. Nf4 Bf7 10. h4 Qb6 11. Be3 Qb4+ 12. Nd2 Ng4 13. O-O-O Nxe3 14. fxe3 Nd7
15. e4 O-O-O 16. exf5 gxf5 17. e4 fxe4 18. Nxe4 Ne5 19. a3 Qb6 20. Bh3+ Kb8 21.
Be6 Nxc4 22. Bxf7 Bxb2+ 23. Kb1 Nxa3+ 0-1

[Event "23.Schlosspark-Open"]
[Site "Wiesbaden"]
[Date "2011.08.28"]
[Round "6.14"]
[White "Weiler, Dieter"]
[Black "Schupp, Tobias"]
[Result "1/2-1/2"]
[WhiteElo "2142"]
[BlackElo "2041"]
[PlyCount "51"]
[EventDate "2011.??.??"]
[WhiteTeam "vereinslos"]
[BlackTeam "SK Niederbrechen 1948"]

1. d4 Nf6 2. c4 c5 3. d5 d6 4. Nc3 g6 5. g3 Bg7 6. Bg2 O-O 7. Nf3 Na6 8. O-O
Bg4 9. h3 Bxf3 10. Bxf3 Nd7 11. e4 Nc7 12. Be2 a6 13. a4 Bd4 14. Kg2 e6 15. f4
exd5 16. cxd5 f5 17. exf5 Rxf5 18. Bd3 Rf8 19. Qc2 Kg7 20. Bd2 Rb8 21. Rfe1 b5
22. axb5 axb5 23. Rad1 Re8 24. Rxe8 Qxe8 25. Re1 Qf7 26. Be4 1/2-1/2

[Event "23.Schlosspark-Open"]
[Site "Wiesbaden"]
[Date "2011.08.28"]
[Round "6.15"]
[White "Specht, Christian"]
[Black "Klein, Maximilian"]
[Result "1/2-1/2"]
[WhiteElo "2132"]
[BlackElo "2006"]
[PlyCount "35"]
[EventDate "2011.??.??"]
[WhiteTeam "SC Flörsheim 1921"]
[BlackTeam "SC Idar-Oberstein"]

1. e4 c6 2. d4 d5 3. exd5 cxd5 4. c4 Nf6 5. Nc3 Nc6 6. Bg5 e6 7. Nf3 Be7 8. c5
Ne4 9. Bxe7 Qxe7 10. Qc2 Nxc3 11. Qxc3 O-O 12. Bb5 e5 13. dxe5 d4 14. Nxd4 Nxd4
15. Qxd4 Rd8 16. Qc3 Rd5 17. O-O Rxc5 18. Qb4 1/2-1/2

[Event "23.Schlosspark-Open"]
[Site "Wiesbaden"]
[Date "2011.08.28"]
[Round "6.16"]
[White "Werner, Dimo"]
[Black "Seickel, Ralf"]
[Result "0-1"]
[WhiteElo "2237"]
[BlackElo "1890"]
[PlyCount "138"]
[EventDate "2011.??.??"]
[WhiteTeam "Vorw.Orient Mainz"]
[BlackTeam "vereinslos"]

1. d4 Nf6 2. Nf3 g6 3. c4 Bg7 4. Nc3 d5 5. Bf4 c5 6. e3 Qa5 7. Be2 dxc4 8. Bxc4
O-O 9. O-O a6 10. Qe2 Nbd7 11. h3 b5 12. Bd3 Bb7 13. a3 Qb6 14. dxc5 Nxc5 15.
Bc2 Nd5 16. Be5 f6 17. Nxd5 Bxd5 18. Bc3 Bc4 19. Qd1 Rfd8 20. Qb1 Bxf1 21. Qxf1
Qb7 22. Qb1 Rac8 23. Nd4 e5 24. Nb3 Bf8 25. Nxc5 Bxc5 26. Be4 Qf7 27. Qf1 Rd6
28. Qe2 Rcd8 29. Rc1 Qd7 30. Bc2 Kg7 31. Bb3 Rc8 32. Ra1 Qb7 33. Qe1 Rb8 34.
Qc1 Qb6 35. Be1 Rd3 36. Qc2 Rbd8 37. Bc3 R3d6 38. Be1 Rd3 39. Bc3 R3d7 40. Be1
Rc7 41. Qe2 Rdc8 42. Bc3 a5 43. Be1 Rd8 44. Rc1 Bd6 45. Ra1 Be7 46. Rb1 Rc5 47.
Ra1 Rdc8 48. Bd2 R5c6 49. Rb1 Bd6 50. Ra1 Bc7 51. Qe1 Rd8 52. Qe2 Rcd6 53. Be1
a4 54. Bc2 Qa6 55. Bb4 R6d7 56. Qe1 Ra8 57. Be4 Ra7 58. Rc1 Ba5 59. Rc5 Bxb4
60. Qxb4 Rac7 61. Rxb5 Rc1+ 62. Kh2 Qe6 63. Rb8 Qd6 64. Qb5 f5 65. Rb6 Qe7 66.
Bc6 Rc7 67. Ba8 e4 68. Rb8 R1c2 69. Re8 Qd6+ 0-1

[Event "23.Schlosspark-Open"]
[Site "Wiesbaden"]
[Date "2011.08.28"]
[Round "6.17"]
[White "Rott, Georg"]
[Black "Belz, Frank-M"]
[Result "1-0"]
[WhiteElo "2223"]
[BlackElo "2025"]
[PlyCount "59"]
[EventDate "2011.??.??"]
[WhiteTeam "SK Münster 32 e.V."]
[BlackTeam "SK Freising"]

1. e4 c6 2. d4 d5 3. exd5 cxd5 4. c4 Nf6 5. Nc3 e6 6. Nf3 Be7 7. Bd3 dxc4 8.
Bxc4 O-O 9. O-O Nc6 10. a3 a6 11. Be3 b5 12. Bd3 Bb7 13. Qe2 Nd5 14. Ne4 Qb6
15. Rfd1 Rfd8 16. Rac1 b4 17. Nc5 Bf6 18. Qc2 Rac8 19. Bxh7+ Kh8 20. Be4 Rd6
21. Qa4 Rcd8 22. Bxd5 exd5 23. Bf4 Nxd4 24. Nxd4 Bxd4 25. Bxd6 Rxd6 26. Rxd4
bxa3 27. Rh4+ Rh6 28. Rxh6+ Qxh6 29. Re1 axb2 30. Qc2 1-0

[Event "23.Schlosspark-Open"]
[Site "Wiesbaden"]
[Date "2011.08.28"]
[Round "6.18"]
[White "Baskin, Robert"]
[Black "Pioch, Thomas"]
[Result "1-0"]
[WhiteElo "1977"]
[BlackElo "2216"]
[PlyCount "63"]
[EventDate "2011.??.??"]
[WhiteTeam "SAbt TuS Makkabi Ffm"]
[BlackTeam "Sfr.Mainz 1928"]

1. e4 e6 2. d4 d5 3. Nc3 Bb4 4. e5 b6 5. Bd2 Qd7 6. Nf3 Nc6 7. Bd3 Bb7 8. Ne2
Bf8 9. c3 f6 10. Nf4 O-O-O 11. h4 Nh6 12. Qc2 fxe5 13. dxe5 g6 14. h5 g5 15.
Nxg5 Nxe5 16. Bxh7 Nc4 17. Ng6 Nxd2 18. Nxh8 Nc4 19. Bg6 Bc5 20. Nhf7 Ng4 21.
Rf1 d4 22. Nxd8 Kxd8 23. O-O-O Bxg2 24. cxd4 Bd6 25. Qxc4 Bf4+ 26. Kb1 Bxg5 27.
Rfe1 Bd5 28. Qe2 Nf6 29. Qe5 Bh4 30. Qf4 Qa4 31. Qxh4 Bxa2+ 32. Kc1 1-0

[Event "23.Schlosspark-Open"]
[Site "Wiesbaden"]
[Date "2011.08.28"]
[Round "6.19"]
[White "Kobs, Stephan"]
[Black "Mayer, Frank"]
[Result "1/2-1/2"]
[WhiteElo "2021"]
[BlackElo "2204"]
[PlyCount "97"]
[EventDate "2011.??.??"]
[WhiteTeam "SC Bad Salzdetfurth"]
[BlackTeam "Wiesbadener SV 1885"]

1. e4 e6 2. d4 d5 3. Nc3 Bb4 4. a3 Bxc3+ 5. bxc3 dxe4 6. f3 e5 7. Be3 Nh6 8.
dxe5 Qe7 9. Bxh6 Qh4+ 10. g3 Qxh6 11. f4 Qc6 12. Rb1 Qxc3+ 13. Qd2 Qxa3 14. Qb4
Qxb4+ 15. Rxb4 a5 16. Rxe4 Bd7 17. Bg2 Bc6 18. Re2 Bxg2 19. Rxg2 Ke7 20. Nf3
Nc6 21. c3 Rhd8 22. Rd2 Rxd2 23. Kxd2 h6 24. Rb1 b6 25. Kd3 f6 26. exf6+ Kxf6
27. Re1 g5 28. fxg5+ hxg5 29. Rf1 Ne5+ 30. Nxe5+ Kxe5 31. Rf7 a4 32. Kc2 Rh8
33. h4 gxh4 34. gxh4 Rxh4 35. Rxc7 Kd5 36. Kb2 Rc4 37. Rd7+ Kc6 38. Rh7 Kb5 39.
Rh5+ Rc5 40. Rh4 Rg5 41. Ka3 Rg3 42. Rb4+ Kc5 43. Rxa4 Rxc3+ 44. Kb2 Rc4 45.
Ra8 Kb4 46. Rh8 Rg4 47. Rh2 b5 48. Rf2 Ka4 49. Ka2 1/2-1/2

[Event "23.Schlosspark-Open"]
[Site "Wiesbaden"]
[Date "2011.08.28"]
[Round "6.20"]
[White "Cattus, Nico"]
[Black "Feller, Florian"]
[Result "1/2-1/2"]
[WhiteElo "2201"]
[BlackElo "1977"]
[PlyCount "46"]
[EventDate "2011.??.??"]
[WhiteTeam "vereinslos"]
[BlackTeam "SGem Vaihingen-Rohr"]

1. e4 c5 2. Nf3 Nc6 3. d4 cxd4 4. Nxd4 Nf6 5. Nc3 e5 6. Ndb5 d6 7. Bg5 a6 8.
Na3 b5 9. Nd5 Be7 10. Bxf6 Bxf6 11. c4 b4 12. Nc2 a5 13. g3 Bg5 14. h4 Bh6 15.
Bh3 O-O 16. Kf1 Ne7 17. Bxc8 Rxc8 18. b3 f5 19. Nxe7+ Qxe7 20. Qd5+ Kh8 21.
exf5 g6 22. Qe6 Qd8 23. g4 Bf4 1/2-1/2

[Event "23.Schlosspark-Open"]
[Site "Wiesbaden"]
[Date "2011.08.28"]
[Round "6.21"]
[White "Weber, Rainer"]
[Black "Matzies, Alexander"]
[Result "1-0"]
[WhiteElo "2174"]
[BlackElo "1982"]
[PlyCount "49"]
[EventDate "2011.??.??"]
[WhiteTeam "SV Ebersbach"]
[BlackTeam "Sfr.1932 Kelkheim"]

1. d4 Nf6 2. c4 e6 3. Nc3 Bb4 4. f3 d5 5. Bg5 c6 6. e3 Nbd7 7. cxd5 exd5 8. Bd3
O-O 9. Nge2 Re8 10. Qd2 h6 11. Bh4 Qe7 12. Bf2 Nb6 13. O-O Be6 14. a3 Bd6 15.
e4 dxe4 16. fxe4 Ng4 17. e5 Bc7 18. Bg3 h5 19. h3 Nh6 20. Bf4 Qf8 21. Ng3 h4
22. Nh5 Nf5 23. Bg5 Nxd4 24. Nf6+ Kh8 25. Qf4 1-0

[Event "23.Schlosspark-Open"]
[Site "Wiesbaden"]
[Date "2011.08.28"]
[Round "6.22"]
[White "Eg, Karlheinz"]
[Black "Kuhn, Andreas"]
[Result "1-0"]
[WhiteElo "2007"]
[BlackElo "2162"]
[PlyCount "81"]
[EventDate "2011.??.??"]
[WhiteTeam "SV Rüsselsheim 1929"]
[BlackTeam "Wiesbadener SV 1885"]

1. e4 e5 2. Nf3 Nc6 3. Bb5 a6 4. Ba4 d6 5. c3 Bd7 6. O-O Nf6 7. Re1 Be7 8. d4
O-O 9. Nbd2 exd4 10. cxd4 Nb4 11. Bb3 Nd3 12. Re3 Nxc1 13. Rxc1 c6 14. h3 a5
15. a4 d5 16. exd5 cxd5 17. Ne5 Be6 18. Rec3 Bd6 19. f4 Qb6 20. Ndf3 Bb4 21.
Re3 Rac8 22. Bc2 Rc7 23. f5 Bd7 24. Nxd7 Nxd7 25. Rb1 Rfc8 26. Bb3 Nf6 27. g4
h6 28. Ne5 Qd6 29. h4 Ne4 30. Rd3 Qd8 31. Nf3 f6 32. Re3 Kh7 33. g5 fxg5 34.
Rxe4 Rc1 35. Rxc1 Rxc1 36. Qxc1 dxe4 37. Nxg5+ hxg5 38. Qd1 Kh6 39. Bf7 g4 40.
Qxg4 Qxd4+ 41. Kh1 1-0

[Event "23.Schlosspark-Open"]
[Site "Wiesbaden"]
[Date "2011.08.28"]
[Round "6.23"]
[White "Simkin, Mark"]
[Black "Bremer, Vincent"]
[Result "1/2-1/2"]
[WhiteElo "2004"]
[BlackElo "2144"]
[PlyCount "59"]
[EventDate "2011.??.??"]
[WhiteTeam "SV Saarbrücken 1970"]
[BlackTeam "SC Lerchenberg/ZMO"]

1. d4 d5 2. c4 Bf5 3. cxd5 Bxb1 4. Qa4+ Qd7 5. Qxd7+ Nxd7 6. Rxb1 Ngf6 7. Nf3
Nb6 8. g3 Nbxd5 9. Bg2 e6 10. O-O c6 11. Ne5 Bb4 12. a3 Ba5 13. Nc4 Bc7 14. Bd2
O-O 15. Rfc1 a5 16. b4 axb4 17. axb4 Ra2 18. b5 Nb6 19. Ba5 Nxc4 20. Bxc7 Na3
21. bxc6 bxc6 22. Ra1 Rxa1 23. Rxa1 Nb5 24. Bb6 Nd5 25. Bc5 Rc8 26. Kf1 f5 27.
e4 fxe4 28. Bxe4 Ndc3 29. Bg2 Rd8 30. Bxc6 1/2-1/2

[Event "23.Schlosspark-Open"]
[Site "Wiesbaden"]
[Date "2011.08.28"]
[Round "6.24"]
[White "Marzahn, Heiko"]
[Black "Kreiling, Carsten"]
[Result "1/2-1/2"]
[WhiteElo "1984"]
[BlackElo "2138"]
[PlyCount "32"]
[EventDate "2011.??.??"]
[WhiteTeam "Sfr.Erbach"]
[BlackTeam "SVG Eppstein 1932"]

1. e4 c5 2. Nc3 Nc6 3. f4 g6 4. Nf3 Bg7 5. Be2 d6 6. O-O Nf6 7. d3 O-O 8. Qe1
Nd4 9. Nxd4 cxd4 10. Nd1 Qc7 11. c4 dxc3 12. bxc3 Bd7 13. Nf2 Rfc8 14. Bd2 b5
15. g4 Qb6 16. Kg2 e6 1/2-1/2

[Event "23.Schlosspark-Open"]
[Site "Wiesbaden"]
[Date "2011.08.28"]
[Round "6.25"]
[White "Eck, Mathias"]
[Black "Giese, Tilman"]
[Result "0-1"]
[WhiteElo "2137"]
[BlackElo "1967"]
[PlyCount "88"]
[EventDate "2011.??.??"]
[WhiteTeam "SV SF Darmstadt 1994"]
[BlackTeam "SC Turm Illingen"]

1. c4 Nf6 2. g3 g6 3. Bg2 Bg7 4. Nc3 O-O 5. e4 e5 6. Nge2 Nc6 7. O-O d6 8. d3
Bg4 9. h3 Be6 10. Nd5 Nd4 11. Nxd4 exd4 12. Nf4 Bd7 13. Ne2 Ne8 14. Kh2 Rb8 15.
b4 c6 16. Bb2 Qb6 17. Rb1 Qxb4 18. Bxd4 Qa5 19. Be3 Qxa2 20. Nd4 c5 21. Ra1 Qb2
22. Nb3 a6 23. f4 b5 24. Rf2 Qc3 25. Rc1 Qb4 26. Nd2 Qa5 27. e5 b4 28. Nb3 Qb6
29. Ra2 Nc7 30. exd6 Ne6 31. Bd5 Qxd6 32. Bxe6 Qxe6 33. Qf3 Qxh3+ 34. Kg1 Bc6
35. Qxc6 Qxg3+ 36. Qg2 Qxe3+ 37. Qf2 Qxf2+ 38. Kxf2 Rb6 39. Ra5 Rc6 40. Kf3
Rfc8 41. Rc2 Bf6 42. Rca2 Rd6 43. Ke2 Re8+ 44. Kd2 Bc3+ 0-1

[Event "23.Schlosspark-Open"]
[Site "Wiesbaden"]
[Date "2011.08.28"]
[Round "6.26"]
[White "Kettner, Uwe"]
[Black "Goloborodko, Dmitro"]
[Result "0-1"]
[WhiteElo "1993"]
[BlackElo "2123"]
[PlyCount "52"]
[EventDate "2011.??.??"]
[WhiteTeam "SAbt TuS Dotzheim"]
[BlackTeam "SG Turm Idstein"]

1. e4 e6 2. Nf3 d5 3. Nc3 Nf6 4. e5 Nfd7 5. d4 c5 6. dxc5 Nc6 7. Bf4 Bxc5 8.
Bd3 h6 9. h4 a6 10. a3 b5 11. b4 Ba7 12. Bxb5 axb5 13. Nxb5 Bb8 14. Nd6+ Bxd6
15. exd6 Ba6 16. Nd4 Nxd4 17. Qxd4 Qf6 18. Qxf6 Nxf6 19. a4 Kd7 20. f3 Rhc8 21.
Kd1 Rc4 22. Bd2 Kxd6 23. Kc1 Bb5 24. a5 d4 25. Kb2 Nd5 26. Kb3 Rc6 0-1

[Event "23.Schlosspark-Open"]
[Site "Wiesbaden"]
[Date "2011.08.28"]
[Round "6.27"]
[White "Syed, Tareq"]
[Black "Machlin, Maxim"]
[Result "1/2-1/2"]
[WhiteElo "2112"]
[BlackElo "1943"]
[PlyCount "24"]
[EventDate "2011.??.??"]
[WhiteTeam "SC Brett vor'm Kopp Ffm"]
[BlackTeam "Biebertaler SF"]

1. e4 e6 2. d3 d5 3. Nd2 c5 4. g3 Bd6 5. Bg2 Ne7 6. f4 Nbc6 7. e5 Bc7 8. c3 Rb8
9. Nh3 b6 10. Nf2 Bb7 11. O-O Nf5 12. Re1 d4 1/2-1/2

[Event "23.Schlosspark-Open"]
[Site "Wiesbaden"]
[Date "2011.08.28"]
[Round "6.28"]
[White "Martin T., Milan"]
[Black "Hipler, Andreas"]
[Result "1-0"]
[WhiteElo "2076"]
[BlackElo "1914"]
[PlyCount "79"]
[EventDate "2011.??.??"]
[WhiteTeam "vereinslos"]
[BlackTeam "SK Gau-Algesheim"]

1. e4 d5 2. e5 Bf5 3. Nf3 e6 4. Be2 Bc5 5. O-O Bg4 6. h3 Bxf3 7. Bxf3 Ne7 8. d4
Bb6 9. b4 a5 10. b5 O-O 11. Bb2 c5 12. bxc6 bxc6 13. a4 Ra7 14. Na3 Nf5 15. Qd2
Qh4 16. Rfd1 Qh6 17. Qe2 Qg5 18. Bc1 Qh4 19. c3 Bxd4 20. cxd4 Nxd4 21. Qd3
Nxf3+ 22. Qxf3 Qxa4 23. Be3 Rb7 24. Bc5 Rc8 25. Rd4 Qb3 26. Rd3 Qa4 27. Rc3 Nd7
28. Nc2 Qb5 29. Nd4 Qa6 30. Qe3 a4 31. f4 Qa5 32. Bd6 Qa6 33. f5 c5 34. fxe6
fxe6 35. Nxe6 d4 36. Nxd4 Nb6 37. Rxc5 Rxc5 38. Bxc5 Nd5 39. Qf3 Qc4 40. Qf8#
1-0

[Event "23.Schlosspark-Open"]
[Site "Wiesbaden"]
[Date "2011.08.28"]
[Round "6.29"]
[White "Faqiry, Ramat"]
[Black "Bösch, Udo"]
[Result "0-1"]
[WhiteElo "1977"]
[BlackElo "2071"]
[PlyCount "60"]
[EventDate "2011.??.??"]
[WhiteTeam "SK Bad Homburg 1927"]
[BlackTeam "SK Ebringen"]

1. c4 e5 2. Nc3 Nc6 3. Nf3 d6 4. d4 Bg4 5. Be3 Bxf3 6. exf3 exd4 7. Bxd4 Nxd4
8. Qxd4 Qf6 9. Qd3 O-O-O 10. Be2 Ne7 11. O-O g6 12. a4 Bg7 13. a5 a6 14. Rfd1
Rhe8 15. Rab1 Qf5 16. Qd2 Qxa5 17. b4 Qe5 18. Rb3 d5 19. c5 c6 20. Na4 Nf5 21.
Nb6+ Kc7 22. Bf1 Bh6 23. Qa2 Nd4 24. Rb2 Nb5 25. Qa5 Kb8 26. Re2 Qc7 27. Rde1
Rxe2 28. Bxe2 Re8 29. Kf1 Qxh2 30. Nd7+ Ka7 0-1

[Event "23.Schlosspark-Open"]
[Site "Wiesbaden"]
[Date "2011.08.28"]
[Round "6.30"]
[White "Barisch, Florian"]
[Black "Will, Dominik"]
[Result "1-0"]
[WhiteElo "1954"]
[BlackElo "2040"]
[PlyCount "70"]
[EventDate "2011.??.??"]
[WhiteTeam "SV 1934 Ffm-Griesheim"]
[BlackTeam "SC Bad Nauheim"]

1. d4 Nf6 2. Bf4 g6 3. e3 Bg7 4. c4 c5 5. Nf3 d6 6. Nc3 Qb6 7. Qb3 O-O 8. d5
Qa5 9. Bd3 h6 10. h3 a6 11. O-O Nbd7 12. a4 Nh5 13. Bh2 Nb6 14. Nd2 e5 15. dxe6
Bxe6 16. Qc2 Nc8 17. Nde4 Rd8 18. Be2 Nf6 19. Nxf6+ Bxf6 20. Ne4 Bg7 21. Rfd1
Qb6 22. Rab1 f5 23. Nc3 Ne7 24. Nd5 Nxd5 25. cxd5 Bf7 26. Bf3 Qb4 27. e4 fxe4
28. Bxe4 g5 29. Bg6 Bxg6 30. Qxg6 Qxa4 31. Bxd6 Rac8 32. Re1 Re8 33. Be5 Qd7
34. Bxg7 Rxe1+ 35. Rxe1 Qxg7 1-0

[Event "23.Schlosspark-Open"]
[Site "Wiesbaden"]
[Date "2011.08.28"]
[Round "6.31"]
[White "Karthaus, Carsten"]
[Black "Müller, Lutz"]
[Result "1/2-1/2"]
[WhiteElo "1927"]
[BlackElo "2064"]
[PlyCount "109"]
[EventDate "2011.??.??"]
[WhiteTeam "SC Murrhardt 1948 e.V."]
[BlackTeam "Sfr.Mainz 1928"]

1. e4 c5 2. Nf3 d6 3. d4 cxd4 4. Nxd4 Nf6 5. Nc3 g6 6. Be2 Bg7 7. Be3 O-O 8.
O-O Nc6 9. h3 Bd7 10. Qd2 Rc8 11. Nxc6 Bxc6 12. f3 d5 13. exd5 Nxd5 14. Nxd5
Qxd5 15. Qxd5 Bxd5 16. c3 a6 17. Rfd1 Bc6 18. Bb6 h5 19. Kf2 h4 20. Rd2 Be5 21.
c4 Bg3+ 22. Kf1 Kg7 23. Rad1 Rh8 24. Bd3 Rh5 25. b3 f5 26. Be2 Rhh8 27. Rd8
Rhxd8 28. Bxd8 e5 29. Bb6 e4 30. Bf2 Re8 31. fxe4 fxe4 32. Bxg3 hxg3 33. Bg4
Rf8+ 34. Ke1 Rf2 35. Rd2 e3 36. Re2 Bxg2 37. Rxe3 Rxa2 38. Rxg3 Be4 39. Re3 Bc6
40. Be2 a5 41. Kd1 Kf6 42. Kc1 Ra1+ 43. Kd2 Rg1 44. Bg4 Kg5 45. Re5+ Kf4 46.
Rxa5 Rg3 47. Kc2 Ke4 48. Rg5 Kd4 49. Kb2 Rg2+ 50. Ka3 Kc3 51. Re5 Rg1 52. Re3+
Kd4 53. Re2 Kc3 54. Re3+ Kd4 55. Re2 1/2-1/2